000 01481naa a22002897a 4500
001 BR8603079
003 BR-BrBNA
005 20250721154513.0
007 ta
008 250630b bl.|||m| |||| 00| 0 por d
040 _aBR-BrBNA
_bpor
_cBiblioteca Nacional de Agricultura
041 _a(Es)
072 _aL73
_b5300
090 _aL73 BR8603079
100 1 _aPerfumo, C.J.
111 1 _a3. Simposio do Centro Nacional de Pesquisa de Suinos e Aves; 2. Simposio Catarinense de Sanidade Suina
_cConcordia, SC (Brazil)
_d7-11 Nov 1983
245 1 _aEtiopatogenia de la pleuroneumonia del cerdo [suino, doenca respiratoria]
246 1 _a[Etropathogeny of pleuropneumonia of the swine]
246 1 _a[Annals of the 3. Symposium of the National Center of Swine and Poultry Research and 2. Santa Catarina Symposium of Swine Health]
500 _aAnais do 3. Simposio do Centro Nacional de Pesquisa de Suinos e Aves e 2. Simposio Catarinense de Sanidade Suina Concordia, SC (Brasil): 1981. p. 223-238 [Bibliography p. 231-238 (62 ref.); Summary (Es)] (BR8603079-AMS)
773 0 _tAnais do 3. Simposio do Centro Nacional de Pesquisa de Suinos e Aves e 2. Simposio Catarinense de Sanidade Suina
_wL73 BR8603079
_gConcordia, SC (Brasil), 1981. p. 223-238
650 _aSUINO
650 _aPLEUROPNEUMONIA
490 _aDocumentos - Centro Nacional de Pesquisa de Suinos e Aves (Brazil)
_vno. 7
_xISSN 0101-6245
942 _cAMS
_2AGRIS
909 _a202506
_bLúcia
_c55
_dLúcia Elande
999 _c335194
_d335194